Normal view
MARC view
- بدران،بدران ابو العينين
Entry Personal Name
001 - CONTROL NUMBER
- control field: 10148
003 - CONTROL NUMBER IDENTIFIER
- control field: JO-AjAnu
005 - DATE AND TIME OF LATEST TRANSACTION
- control field: 20230606071929.0
008 - FIXED-LENGTH DATA ELEMENTS
- fixed length control field: 230606|| aca||aabn | a|a d
040 ## - CATALOGING SOURCE
- Original cataloging agency: JO-AjAnu
- Transcribing agency: JO-AjAnu
100 ## - HEADING--PERSONAL NAME
- Personal name: بدران،بدران ابو العينين
670 ## - SOURCE DATA FOUND
- Source citation: Work cat.: (JO-AjAnu)5228: بدران،بدران ابو العينين, author, دراسات حول القرآن :حقيقته-ترجمته-نزوله-احرفه-اعجازه-تاريخه-جمعه-ترتيبه-قراءاته-تفسيره